000 00818nam a2200145 a 4500
001 000030008
005 20200930055957.0
008 110428s2000 dr c 000 0 spa d
040 _aDO-SdBNP
_bspa
_cBNPHU
100 1 _aTaveras Rodríguez, Juan Manuel,
_d1919-
_956727
245 1 3 _aLa medicina en el siglo XXI :
_bsu desarrollo en la República Dominicana /
_cJuan Manuel Taveras Rodríguez.
260 _aSanto Domingo :
_bCámara Americana de Comercio de la República Dominicana,
_c2000.
300 _a32 p :
_bretr. ;
_c28 cm.
500 _aConferencia dictada por el Dr. Juan Manuel Taveras Rodríguez, profesor emérito de la escuela de medicina de la Universidad de Harvard y asesor internacional permanente del Centro de Diagnóstico, Medicina Avanzada, Laboratorio y Telemedicina (CEDIMAT) y de la Plaza de la Salud
999 _c29500
_d29500